Normal view
MARC view
- Hoffmann, Klaus A , Hoffmann, Klaus A
Entry Personal Name
001 - CONTROL NUMBER
- control field: 69230
003 - CONTROL NUMBER IDENTIFIER
- control field: NUST
005 - DATE AND TIME OF LATEST TRANSACTION
- control field: 20210628204210.0
008 - FIXED-LENGTH DATA ELEMENTS
- fixed length control field: 210628|| aca||aabn | a|a d
040 ## - CATALOGING SOURCE
- Original cataloging agency: NUST
- Transcribing agency: NUST
100 ## - HEADING--PERSONAL NAME
- Personal name: Hoffmann, Klaus A , Hoffmann, Klaus A
670 ## - SOURCE DATA FOUND
- Source citation: Work cat.: (NUST): Hoffmann, Klaus A , Hoffmann, Klaus A ,, Computational fluid dynamics , volume-1, 2000
